000 00551nam a2200181Ia 4500
999 _c11031
_d11031
003 OSt
005 20191216111316.0
008 190216s9999||||xx |||||||||||||| ||und||
020 _a9780070582477
040 _coclc
082 _a330.0151
_bHEN/M
100 _aAnderson, James M
_9497
245 0 _aMicroeconomic Theory A Mathematical Approach /
_cJames M Anderson
260 _bTata Mcgrawhill Publishers,
_aNew Delhi:
_c2003.
300 _a420p
650 _aEconomics
942 _cBK
_2ddc
_h330.0151
_iHEN/M
_k330.0151
_mHEN/M